Elements of pure economics : or the theory of social wealth
Αποθηκεύτηκε σε:
| Κύριος συγγραφέας: | |
|---|---|
| Άλλοι συγγραφείς: | |
| Μορφή: | Βιβλίο |
| Γλώσσα: | English |
| Δημοσίευση: |
London :
Routledge,
2010.
|
| Σειρά: | (Routledge library editions-economics)
|
| Θέματα: | |
| Ετικέτες: |
Προσθήκη ετικέτας
Δεν υπάρχουν, Καταχωρήστε ετικέτα πρώτοι!
|
MARC
| LEADER | 00000cam a2200000 a 4500 | ||
|---|---|---|---|
| 001 | 1/120423 | ||
| 008 | 191127s2010####uk ||||||| |||| ||eng|| | ||
| 020 | |a 9780415607315 | ||
| 040 | |a GR-MyUa |b gre |c GR-MyUa |e AACR2 | ||
| 041 | 1 | |a eng | |
| 082 | 7 | |a 330 |2 (23) | |
| 100 | 1 | |a Walras, Leon, |d 1834-1910. | |
| 245 | 1 | 0 | |a Elements of pure economics : |b or the theory of social wealth / |c Leon Walras ; μετάφραση: William Jaffe. |
| 260 | |a London : |b Routledge, |c 2010. | ||
| 300 | |a 620 σ. ; |c 22 εκ. | ||
| 490 | 0 | |a (Routledge library editions-economics) | |
| 650 | 0 | |a Economics | |
| 700 | 1 | |a Jaffe, William, |e trl | |
| 852 | |a INST |b LESVOS |e 20191127 |h 330 WAL |p 005100062951 |q 005100062951 |t BK |y 0 | ||
| 920 | |a ΠΜΣ Κοινωνική και Ιστορική Ανθρωπολογία |y Λέσβος |z 2019-11 | ||
| 970 | |a Δημάκη |b Μαρία |z 27-11-2019 | ||